Quiz su Cesare Pavese - Statistics

Statistiche generali
  • Questo quiz è stato fatto 17 volte
  • Il punteggio medio è 9 su 20
Statistiche sulle risposte
Domanda Risposta % Corretto
Quale opera di Melville tradusse dall'inglese? Moby Dick
88%
Causa della morte? Suicidio
88%
Città in cui è morto Torino
88%
Anno di morte 1950
81%
Anno di nascita 1908
75%
Per quale casa editrice lavorò? Einaudi
69%
Partito politico cui si iscrisse e da cui fu emarginato fino ad abbandonarlo Partito Comunista Italiano
69%
Ultimo romanzo pubblicato nel 1950 che ha per protagonista Anguilla La luna e i falò
56%
Quale premio vinse nel 1950? Premio Strega
56%
Romanzo pubblicato nel 1948 che ha per protagonista il professor Corrado, Cate e Dino La casa in collina
38%
Città natale Santo Stefano Belbo
38%
Dove sono ambientate le vicende di quest'opera? Langhe
25%
Raccolta di poesie pubblicata postuma nel 1951 che ha per temi la terra, la vigna, il vento, la vita e la morte Verrà la morte e avrà i tuoi occhi
25%
Raccolta di dialoghi pubblicati nel 1947 sulla mitologia greca Dialoghi con Leucò
19%
Raccolta di racconti e prose pubblicata nel 1946 dove espone la sua teoria del "mito" Feria d'agosto
19%
Raccolta di poesie pubblicata nel 1936 Lavorare stanca
13%
Tematica principale di quest'opera Resistenza
13%
Dopo la condanna per antifascismo fu condannato al confino in quale luogo? Brancaleone Calabro
6%
Migliore amico di Anguilla Nuto
6%
Romanzo pubblicato nel 1941 con protagonisti Berto, Talino e Gisella Paesi tuoi
6%
Nessun quiz corrispondente trovato
Distribuzione punteggi
Percentuale di utenti per punteggio
Percentile per numero di risposta
I tuoi punteggi nel tempo
Non hai fatto questo quiz